|
|
|
|
| LEADER |
00000nab#a22000007a#4500 |
| 001 |
arbauad032905 |
| 003 |
AR-BaUAD |
| 005 |
20250711112638.0 |
| 008 |
980903|||||||||###||||||b###|0###a|spa|| |
| 040 |
|
|
|a AR-BaUAD
|c AR-BaUAD
|b spa
|
| 245 |
1 |
0 |
|a Escuela del Instituto federal de Pedagogía social en Baden
|
| 300 |
0 |
|
|b cortes, detalles, fot., perspec., plantas
|
| 653 |
|
|
|a ARQUITECTURA EDUCACIONAL
|
| 653 |
|
|
|a ESCUELAS SUPERIORES
|
| 653 |
|
|
|a INSTITUTO FEDERAL DE PEDAGOGIA SOCIAL
|
| 653 |
|
|
|a BADEN BEI WIEN
|
| 653 |
|
|
|a AUSTRIA
|
| 653 |
|
|
|a RIEGLER-RIEWE
|
| 653 |
|
|
|a RIEGLER, FLORIAN
|
| 653 |
|
|
|a RIEWE, ROGER
|
| 653 |
|
|
|a LOW TECH
|
| 773 |
0 |
|
|t A+T
|g no. 9 [abr. 1997], p. 26-31
|
| 942 |
|
|
|c ARTI
|
| 952 |
|
|
|0 0
|1 0
|4 0
|7 0
|9 77824
|a AR-BAuAD
|b AR-BAuAD
|d 2025-07-11
|l 0
|p AAQA032905
|r 2025-07-11 11:26:38
|w 2025-07-11
|y ARTI
|
| 990 |
|
|
|a AQ199
|b TD
|
| 998 |
|
|
|a AAQ
|b BIBUN76
|
| 999 |
|
|
|c 57497
|d 57497
|